000 00816cam a2200301 4500
001 J115668
008 011121n2001 000 0 eng u
035 _a(Sirsi) u115668
050 _a333.72
110 _aRoyal Institution of Chartered Surveyors
_94900
240 _aRICS global manifesto
245 _aRICS global manifesto : executive summary
260 _aLondon
_bRICS
_c2001
300 _a[14]p.
_c30cm.
650 _aBUILT ENVIRONMENT
650 _aAGENDA FOR CHANGE
650 _aGLOBAL DEVELOPMENT
650 _aGLOBAL ECONOMY
650 _aGLOBAL MANIFESTO
650 _aGLOBALISATION
650 _aHOUSING
650 _aLand use
_96251
650 _aRURAL COMMUNITIES
650 _aSustainability
_96271
650 _aTRANSPORT
690 _aDEVELOPMENT-SUSTAINABLE
942 _n0
999 _c101782
_d101782